000 00430ngm a2200181 i 4500
001 C2-0312536
003 PPAK
005 20180727220843.0
008 111010s2008 xxu|||| ||||| | vleng d
040 _aPPAK
_beng
_cPPAK
_erda
245 0 0 _aBabel
264 1 _aUnited States :
_c2008
336 _2rdacontent
_atext
337 _2rdamedia
_aunmediated
338 _2rdacarrier
_avolume
700 _eauthor
942 _2ddc
_cDVD
999 _c166585
_d166585